Eponymous clothing/personal appearance Quiz Stats

 Plays Quiz not verified by Sporcle

Challenge
Share
Tweet
Embed
Score 0/15 Timer 08:00
0 Plays Today
Hint Eponymous item % Correct
Man's facial hair in front of the ears.Sideburns
80.2%
Denim work pants.Levis
57.4%
Skintight, one-piece garment.Leotard
47.5%
A race for 3-year-old horses; two types of hats have this name as well, including one type worn by women at the 1st leg of the Triple Crown.Derby
36.6%
A raincoat.Mackintosh
30.7%
Lightweight all-weather broad-brimmed cowboy hat, made of fur-felt.Stetson
30.7%
Women's loose trousers gathered at the knee, worn under a short skirt.Bloomers
27.7%
Hard derby hat. Originally called Coke Hat.Bowler
20.8%
Hint Eponymous item % Correct
Mustache and goatee with hair on the cheeks shaven.Van Dyke
16.8%
Couch or sofa, deep buttoning, upholstered in leather by hand.Chesterfield
13.9%
Inflatable life jacket.Mae West
10.9%
Athletic shoe with a canvas upper and rubber sole, developed as beachwear.Plimsoll
8.9%
Hair curling method to get regular waves.Marcel
5%
Olive-drab military shortened coat, terminating in a waistband.Eisenhower (or Ike) Jacket
2%
Standing collar with the points pressed to stick out horizontally at the side-fronts, worn with a scarf or ascot.Gladstone Collar
1%

You're not logged in!

Compare scores with friends on all Sporcle quizzes.
Join for Free
OR
Log In

You Might Also Like...

Show Comments

Extras

Top Quizzes Today


Score Distribution

Your Account Isn't Verified!

In order to create a playlist on Sporcle, you need to verify the email address you used during registration. Go to your Sporcle Settings to finish the process.

Report this User

Report this user for behavior that violates our Community Guidelines.

Details: